Textbook of Nursing Education for BSc Nursing / (Record no. 948)

MARC details
000 -LEADER
Fixed length control field 00540nam a2200193Ia 4500
003 - CONTROL NUMBER IDENTIFIER
Control field IIN
005 - DATE AND TIME OF LATEST TRANSACTION
Control field 20250502111835.0
008 - FIXED-LENGTH DATA ELEMENTS--GENERAL INFORMATION
Fixed length control field 231217s2021 xx ad 001 0 eng d
020 ## - INTERNATIONAL STANDARD BOOK NUMBER / ISBN
Price Rs.450.00
International Standard Book Number 9789386827340
040 ## - CATALOGING SOURCE
Original cataloging agency IIN
Language of cataloging English
082 ## - DEWEY DECIMAL CLASSIFICATION NUMBER
Classification number 610.7307
Book Number PRA
245 1# - TITLE STATEMENT
Title Textbook of Nursing Education for BSc Nursing /
Statement of responsibility edited by Ratna Prakash
260 ## - IMPRINT
Name of publisher CBS
Place of publication New Delhi
Date of publication 2020
300 ## - PHYSICAL DESCRIPTION
Page / Vol. No xiii,[2] 1-322 p.
Other physical details ill.
500 ## - GENERAL NOTE
General note Includes Index
650 1# - SUBJECT ADDED ENTRY--TOPICAL TERM
Topical term Education
Form subdivision Nursing
700 ## - ADDED ENTRY--PERSONAL NAME
Personal name Prakash, Ratna (ed)
942 ## - ADDED ENTRY ELEMENTS (KOHA)
Koha item type Books
Holdings
Withdrawn status Lost status Source of classification Damaged status Not for loan Collection code Home library Current library Date acquired Price Total Checkouts Call number Accession number Date last seen Price effective from Koha item type Shelving location
    Dewey Decimal Classification       IDEAL INSTITUTE OF NURSING IDEAL INSTITUTE OF NURSING 17/12/2023 450.00   610.7307 PRA 942 17/12/2023 17/12/2023 Books  
    Dewey Decimal Classification     Purches Book IDEAL INSTITUTE OF NURSING IDEAL INSTITUTE OF NURSING 11/03/2025 495.00   610.7307 PRA 1967 02/05/2025 02/05/2025 Books General Stacks
© Ideal Institute Of Nursing, All rights reserved.         Powered by Koha